25 श्रेष्ठ बाल कहानियाँ / (Record no. 50644)

MARC details
000 -LEADER
fixed length control field 01015nam a22002177a 4500
005 - DATE AND TIME OF LATEST TRANSACTION
control field 20110218113613.0
010 ## - LCCN (DPL NO)
LC control number G-001219
020 ## - INTERNATIONAL STANDARD BOOK NUMBER
International Standard Book Number 8188031100
Terms of availability 150.00
035 ## - SYSTEM CONTROL NUMBER
System control number G-001219
037 ## - SOURCE OF ACQUISITION
Source of stock number/acquisition मनीष प्रकाशन
082 ## - DEWEY DECIMAL CLASSIFICATION NUMBER
Classification number
245 ## - TITLE STATEMENT
Title 25 श्रेष्ठ बाल कहानियाँ /
Statement of responsibility, etc दीक्षा द्विवेदी द्वारा संपादित
260 ## - PUBLICATION, DISTRIBUTION, ETC. (IMPRINT)
Place of publication, distribution, etc दिल्ली
Name of publisher, distributor, etc मनीष प्रकाशन
Date of publication, distribution, etc 2010
270 ## - ADDRESS
Address सी-8/174, यमुना विहार
City दिल्ली
Postal code 110053
300 ## - PHYSICAL DESCRIPTION
Extent 144पृ.
Dimensions 22सेमी(सजिल्द)
Other physical details सचित्र
650 ## - SUBJECT ADDED ENTRY--TOPICAL TERM
Topical term or geographic name as entry element
700 ## - ADDED ENTRY--PERSONAL NAME
Personal name द्विवेदी, दीक्षा
9 (RLIN) 26068
942 ## - ADDED ENTRY ELEMENTS (KOHA)
Source of classification or shelving scheme Dewey Decimal Classification
Item type Children Books
Classification part
Call number suffix पच्चीस
Holdings
Withdrawn status Lost status Not for loan Collection code Home library Current library Date acquired Source of acquisition Cost, normal purchase price Full call number Barcode Copy number Cost, replacement price Koha item type
      Fiction Katevara Katevara 05/09/2011 उपहार 150.00 क पच्चीस G-001219 1 150.00 Children Books

© Delhi Public Library
Hit Counter
free hit counter